000 00662nam a2200181Ia 4500
008 151018s9999 xx 000 0 und d
082 _bRBASDV2936
_a891.464
100 _aअनंत विनायक पटवर्धन
245 _aमुलांस चार उपदेश
250 _b1
260 _bआर्यभूषण प्रेस
_c1933
300 _a84
600 _aअनंत विनायक पटवर्धन
630 _aमुलांस चार उपदेश
700 _aअनंत विनायक पटवर्धन
730 _aमुलांस चार उपदेश
942 _cBOOK
999 _c1005351
_d1005348